Food Science 3rd ed. (Record no. 853873)

MARC details
000 -LEADER
fixed length control field 00316nam a2200133Ia 4500
008 - FIXED-LENGTH DATA ELEMENTS--GENERAL INFORMATION
fixed length control field 230818s1987 xx 000 0 und d
041 ## - LANGUAGE CODE
Language code of text/sound track or separate title eng
100 ## - MAIN ENTRY--PERSONAL NAME
Personal name Potter
245 ## - TITLE STATEMENT
Title Food Science 3rd ed.
260 ## - PUBLICATION, DISTRIBUTION, ETC.
Name of publisher, distributor, etc. C.B.S.Publication
Date of publication, distribution, etc. 1987
300 ## - PHYSICAL DESCRIPTION
Extent 780p
520 ## - SUMMARY, ETC.
Summary, etc. General | Hard Board
650 ## - SUBJECT ADDED ENTRY--TOPICAL TERM
Topical term or geographic name entry element Food Safety
Holdings
Withdrawn status Lost status Damaged status Not for loan Home library Current library Date acquired Source of acquisition Cost, normal purchase price Total Checkouts Barcode Date last seen Cost, replacement price Price effective from Koha item type
        College of Hotel & Tourism Management Studies, Navi Mumbai College of Hotel & Tourism Management Studies, Navi Mumbai 18/08/2023 Rupali Book Centre 150.00   HMM-B321 18/08/2023 150.00 18/08/2023 Book